| 000 -LEADER |
| fixed length control field |
01113nam a22001817a 4500 |
| 005 - DATE AND TIME OF LATEST TRANSACTION |
| control field |
20240322115241.0 |
| 008 - FIXED-LENGTH DATA ELEMENTS--GENERAL INFORMATION |
| fixed length control field |
240322c2023 ge ||||| |||| 00| 0 geo d |
| 020 ## - INTERNATIONAL STANDARD BOOK NUMBER |
| Qualifying information |
2720-8524 |
| 041 ## - LANGUAGE CODE |
| Language code of text/sound track or separate title |
geo |
| 245 ## - TITLE STATEMENT |
| Title |
საჯარო სამართლის ჟურნალი : |
| Remainder of title |
2023 / |
| Statement of responsibility, etc. |
იურიდიული ფაკულტეტი, თსუ., ადმინისტრაციულ მეცნიერებათა ინსტიტუტი, თსუ.; მთავარი რედაქტორი კობა ყალიჩავა. |
| 260 ## - PUBLICATION, DISTRIBUTION, ETC. |
| Place of publication, distribution, etc. |
თბილისი : |
| Name of publisher, distributor, etc. |
უნივერსიტეტის გამომცემლობა, |
| Date of publication, distribution, etc. |
2023. |
| 300 ## - PHYSICAL DESCRIPTION |
| Extent |
V. |
| 653 ## - INDEX TERM--UNCONTROLLED |
| Uncontrolled term |
საჯარო სამართლის ჟურნალი |
| 653 ## - INDEX TERM--UNCONTROLLED |
| Uncontrolled term |
პერიოდიკა |
| 700 ## - ADDED ENTRY--PERSONAL NAME |
| Personal name |
ყალიჩავა, კობა |
| Relator term |
მთავარი რედაქტორი |
| 9 (RLIN) |
6479 |
| 710 ## - ADDED ENTRY--CORPORATE NAME |
| Corporate name or jurisdiction name as entry element |
თსუ. |
| Date of meeting or treaty signing |
ადმინისტრაციულ მეცნიერებათა ინსტიტუტი |
| 9 (RLIN) |
21548 |
| 942 ## - ADDED ENTRY ELEMENTS (KOHA) |
| Source of classification or shelving scheme |
|
| Koha item type |
პერიოდიკა |